000 006020000a22001930004500
090 _aAR
_b03465
245 1 0 _aEtude des ecosystemes guyanais III.
_sAcridomorpha dendrophiles (Orthoptera Caelifera)
650 1 4 _aEntomología
_94483
650 1 4 _aSistemática
_93510
650 1 4 _aBiogeografía
_992747
650 1 4 _aTaxonomía
_992343
650 1 4 _aMorfología
_992917
651 4 _pGuyana francesa
_992749
653 _gAcridomorpha
_eAcridomorpha dendrophiles
041 0 _aFrancés
100 1 _aDescamps, Marius
_996618
942 _cARTICULO
773 1 _tAnnls Soc. Ent. Fr.
_h3
_q301-349
_d1978
_g14
999 _c12516
_d12516